| 000 | 01035nam a22003377a 4500 | ||
|---|---|---|---|
| 001 | BR8805376 | ||
| 003 | BR-BrBNA | ||
| 005 | 20230928093020.0 | ||
| 007 | ta | ||
| 008 | 230509b bl.||||| |||| 00| 0 por d | ||
| 040 |
_aBR-BrBNA _bpor _cBiblioteca Nacional de Agricultura |
||
| 041 | _a(Por) | ||
| 072 |
_aF30; L10 _b/G514 |
||
| 090 | _ F30 BR8805376 | ||
| 100 | 1 | _aMenelau, A. | |
| 100 | 1 | _aDantas, E.C. da S. | |
| 100 | 1 | _aGomes, B.J.A. | |
| 100 | 1 | _aCabral, J.E. de O. (coords.) | |
| 110 | 1 | _aEmpresa Estadual de Pesquisa Agropecuaria da Paraiba S.A., Joao Pessoa (Brasil) | |
| 245 | 1 | _aInformacoes tecnico-cientificas geradas pela Empresa Estadual de Pesquisa Agropecuaria da Paraiba S.A. | |
| 260 | 3 |
_aJoao Pessoa, PB (Brasil): _c1987. |
|
| 300 | _av. 1-3 | ||
| 650 | _aMELHORAMENTO VEGETAL | ||
| 650 | _aMELHORAMENTO ANIMAL | ||
| 650 | _aINTRODUCAO DE PLANTA | ||
| 650 | _aDEFESA VEGETAL | ||
| 650 | _aADUBACAO | ||
| 650 | _aVARIEDADE RESISTENTE | ||
| 909 |
_a202309 _bLucia _c55 _dLucia Elande |
||
| 942 | _cBK | ||
| 999 |
_c42523 _d42523 |
||